<?xml version="1.0" encoding="UTF-8"?>
<collection xmlns="http://www.loc.gov/MARC21/slim">
 <record>
  <leader>01733nam a22003971a 4500</leader>
  <controlfield tag="001">000041313</controlfield>
  <controlfield tag="003">17613</controlfield>
  <controlfield tag="005">20230407141532.0</controlfield>
  <controlfield tag="008">170601s2014    vm            000   vie</controlfield>
  <datafield tag="040" ind1=" " ind2=" ">
   <subfield code="a">LNN</subfield>
  </datafield>
  <datafield tag="041" ind1=" " ind2=" ">
   <subfield code="a">vie</subfield>
  </datafield>
  <datafield tag="082" ind1=" " ind2=" ">
   <subfield code="a">327.730519</subfield>
   <subfield code="b">NG-L</subfield>
  </datafield>
  <datafield tag="100" ind1=" " ind2=" ">
   <subfield code="a">Nguyễn, Thị Ly</subfield>
  </datafield>
  <datafield tag="245" ind1=" " ind2="0">
   <subfield code="a">CHÍNH SÁCH CỦA MỸ ĐỐI VỚI CHƯƠNG TRÌNH HẠT NHÂN CỦA BẮC TRIỀU TIÊN GIAI ĐOẠN 2002-2013 /</subfield>
   <subfield code="c">Nguyễn Thị Ly.</subfield>
  </datafield>
  <datafield tag="260" ind1=" " ind2=" ">
   <subfield code="a">ĐHNN,</subfield>
   <subfield code="c">2014.</subfield>
  </datafield>
  <datafield tag="300" ind1=" " ind2=" ">
   <subfield code="a">84tr . : ill ; 30cm.</subfield>
  </datafield>
  <datafield tag="490" ind1=" " ind2=" ">
   <subfield code="a">Luan van tot nghiep</subfield>
   <subfield code="b">Chuyen nghanh Quoc te hoc</subfield>
  </datafield>
  <datafield tag="520" ind1=" " ind2=" ">
   <subfield code="a">Tong quan ve chuong trinh hat nhan cua CHDCND Trieu Tien giai doan 1993-2000.Chinh sach cua My ve van de hat nhan cua CHDCND Trieu Tien giai doan 2001-2013.Danh gia tac dong va du bao chieu huong chinh scaj cua My doi voi chuong trinh hat nhan cua CHDCND Trieu Tien.</subfield>
  </datafield>
  <datafield tag="650" ind1=" " ind2=" ">
   <subfield code="a">CHÍNH SÁCH CỦA MỸ ĐỐI VỚI CHƯƠNG TRÌNH HẠT NHÂN.</subfield>
  </datafield>
  <datafield tag="653" ind1=" " ind2=" ">
   <subfield code="a">Nguyen Thi Ly,2014,Chinh sach cua My doi voi chuong trinh hat nhan cua Bac Trieu Tien</subfield>
  </datafield>
  <datafield tag="700" ind1=" " ind2=" ">
   <subfield code="a">Tran Thi Thu</subfield>
   <subfield code="b">Th.S</subfield>
   <subfield code="c">huong dan</subfield>
  </datafield>
  <datafield tag="811" ind1=" " ind2=" ">
   <subfield code="b">P.Doc</subfield>
  </datafield>
  <datafield tag="816" ind1=" " ind2=" ">
   <subfield code="a">Luận văn sinh viên</subfield>
   <subfield code="b">Quoc te hoc</subfield>
  </datafield>
  <datafield tag="OWN" ind1=" " ind2=" ">
   <subfield code="a">LNN</subfield>
  </datafield>
  <datafield tag="AVA" ind1=" " ind2=" ">
   <subfield code="a">UDN50</subfield>
   <subfield code="b">LNN</subfield>
   <subfield code="c">Theses</subfield>
   <subfield code="d">327.730519 NG-L</subfield>
   <subfield code="e">available</subfield>
   <subfield code="t">Error 5001 Not defined in file expand_doc_bib_avail.</subfield>
   <subfield code="f">2</subfield>
   <subfield code="g">0</subfield>
   <subfield code="h">N</subfield>
   <subfield code="i">0</subfield>
   <subfield code="j">LA</subfield>
  </datafield>
  <datafield tag="999" ind1=" " ind2=" ">
   <subfield code="a">From the UDN01</subfield>
  </datafield>
  <datafield tag="AVA" ind1=" " ind2=" ">
   <subfield code="a">UDN50</subfield>
   <subfield code="b">LNN</subfield>
   <subfield code="c">Theses</subfield>
   <subfield code="d">327.730519 NG-L</subfield>
   <subfield code="e">available</subfield>
   <subfield code="t">Error 5001 Not defined in file expand_doc_bib_avail.</subfield>
   <subfield code="f">2</subfield>
   <subfield code="g">0</subfield>
   <subfield code="h">N</subfield>
   <subfield code="i">0</subfield>
   <subfield code="j">LA</subfield>
  </datafield>
  <datafield tag="TYP" ind1=" " ind2=" ">
   <subfield code="a">Conference</subfield>
  </datafield>
  <datafield tag="TYP" ind1=" " ind2=" ">
   <subfield code="a">Monograph</subfield>
  </datafield>
  <datafield tag="TYP" ind1=" " ind2=" ">
   <subfield code="a">Printed language</subfield>
  </datafield>
  <datafield tag="980" ind1=" " ind2=" ">
   <subfield code="a">Mạng thư viện Đại học Đà Nẵng</subfield>
  </datafield>
 </record>
</collection>
